Score 0/25 Timer 04:00
1 Play Today
Clue 5-Letter Word % Correct
• Dr. Seuss' 'Come Over to My ___' •HOUSE
94.6%
• Dr. Seuss' '___ Eggs and Ham' •GREEN
94.4%
Meet and say helloGREET
93.3%
What a colt or filly isHORSE
93.2%
Partner of prejudicePRIDE
91.2%
A pest in your hairLOUSE
90.8%
• Dr. Seuss' '___ Day for Up' •GREAT
90.1%
Like the mythology of Thor and OdinNORSE
90%
Name of 18 French KingsLOUIS
89.6%
A shriveled plumPRUNE
89.2%
Mr. YeltsinBORIS
86.6%
One who is very attentive to proprietyPRUDE
85.9%
FX series fronted by comic Mr. C.K.LOUIE
84.5%
Clue 5-Letter Word % Correct
A bit of Halloween candyTREAT
83.8%
A brown haired woman, in FrenchBRUNE
83%
• Environmental Dr. Seuss book: 'The ___' •LORAX
81.2%
Nocturnal primate related to lemursLORIS
80.5%
Sportscaster MusburgerBRENT
78.8%
The principal force of an attackBRUNT
78.7%
A common old-school laundry detergentBORAX
77.8%
Mr. Reznor of NINTRENT
76.8%
DinNOISE
76.7%
ComposurePOISE
75.1%
Open with a crowbar, in the UKPRISE
75%
Scott, the famed American sports agentBORAS
73.3%

Today's Daily Dose

Missing Word
TV NA - NZ

Word Ladder
Neck and Neck

Quick Pick
'Q' Places

You're not logged in!

Compare scores with friends on all Sporcle quizzes.
OR
Log In

Sporcle TV

Today on Sporcle TV


Watch our educational content, quiz creation guides, and fun videos on Sporcle TV.

Show Comments

Extras

Top Quizzes Today


Score Distribution

Paid Content

Your Account Isn't Verified!

In order to create a playlist on Sporcle, you need to verify the email address you used during registration. Go to your Sporcle Settings to finish the process.

Report this User

Report this user for behavior that violates our Community Guidelines.

Details: